000 00584nam a22001937a 4500
005 20260622120925.0
010 _aENG-148899
020 _a9789392595400
_c700.00
035 _aEN-132431
037 _bDBAD
_aDPL
082 _a799.320954
100 _aBissu, Anurag
_989451
245 _aArchery In India:
_bBulls Eye to Success/
_cAnurag Bissu
250 _b1
260 _aIndia
_bRishabh Books
_c2024
270 _a22/4735 Prakash Deep Building,Ansari Raod, Darya Ganj,
_bNew Delhi
_e110002
300 _a131p.
_c23cm.(Hb)
942 _2ddc
_cEN
_h799.320954
_mBIS
999 _c216756
_d216756